Gangster government : Barack Obama and the new Washington thugocracy /

Taking up where his "New York Times"-bestseller "The Case Against Barack Obama" leaves off, "Washington Examiner" columnist Freddoso presents a searing indictment of the Obama administration, likening it to the mob. Here, Freddoso backs up his assertions with interviews...

Full description

Bibliographic Details
Main Author: Freddoso, David
Format: Book
Language:English
Published: Washington, DC : Regnery Pub., [2011]
Subjects:

MARC

Tag First Indicator Second Indicator Subfields
LEADER 00000cam a22000008a 4500
001 in00002672012
005 20171028064030.0
008 110211s2011 dcu b 001 0 eng
010 |a  2011006594 
020 |a 9781596986480 (hbk.) 
020 |a 1596986484 (hbk.) 
035 |a (OCoLC)ocn701672570 
040 |a DLC  |c DLC  |d UPZ  |d ON8  |d ORX  |d UtOrBLW 
043 |a n-us--- 
049 |a TXAM 
050 0 0 |a E907  |b .F74 2011 
082 0 0 |a 973.932  |2 22 
100 1 |a Freddoso, David. 
245 1 0 |a Gangster government :  |b Barack Obama and the new Washington thugocracy /  |c David Freddoso ; [foreword by Michael Barone]. 
263 |a 1104 
264 1 |a Washington, DC :  |b Regnery Pub.,  |c [2011] 
264 4 |c ©2011 
300 |a xi, 256 pages ;  |c 24 cm. 
336 |a text  |b txt  |2 rdacontent 
337 |a unmediated  |b n  |2 rdamedia 
338 |a volume  |b nc  |2 rdacarrier 
504 |a Includes bibliographical references (pages 209-248) and index. 
520 |a Taking up where his "New York Times"-bestseller "The Case Against Barack Obama" leaves off, "Washington Examiner" columnist Freddoso presents a searing indictment of the Obama administration, likening it to the mob. Here, Freddoso backs up his assertions with interviews, government documents, and more. 
505 0 |a "Gangster government" -- Stop us if you can : saving the UAW -- On the precipice : Obamacare -- The most expensive story ever told -- We're gonna help our friends : big labor -- We're gonna help our friends : the trial lawyers -- "We're gonna punish our enemies" -- Recovering from gangster government. 
651 0 |a United States  |x Politics and government  |y 2009-2017. 
600 1 0 |a Obama, Barack. 
948 |a cataloged  |b h  |c 2011/4/22  |d c  |e ceaton  |f 12:08:47 pm 
994 |a C0  |b TXA 
999 |a MARS 
999 f f |s 0b539a3d-c81b-35f3-a7c0-e95a1733c664  |i f823498d-4ade-370c-9850-0e7ba5547fca  |t 0 
952 f f |p ric  |a Texas A&M University  |b Rellis Campus  |c Joint Library Facility  |d Remote Storage  |t 0  |e E907 .F74 2011  |h Library of Congress classification  |i unmediated -- volume  |m A14839600410 
998 f f |a E907 .F74 2011  |t 0  |l Remote Storage